After the War (Record no. 351689)
[ view plain ]
| 000 -LEADER | |
|---|---|
| fixed length control field | 00759nam a2200133Ia 4500 |
| 008 - FIXED-LENGTH DATA ELEMENTS--GENERAL INFORMATION | |
| fixed length control field | 171212s9999 xx 000 0 und d |
| 020 ## - INTERNATIONAL STANDARD BOOK NUMBER | |
| International Standard Book Number | 9780833041814 |
| 100 ## - MAIN ENTRY--PERSONAL NAME | |
| Personal name | Dobbins, James;Poole, Michele A.;Long, Austin;Runkle, Benjamin |
| 245 ## - TITLE STATEMENT | |
| Statement of responsibility, etc | Dobbins, James;Poole, Michele A.;Long, Austin;Runkle, Benjamin |
| Title | After the War |
| Remainder of title | Nation-Building from FDR to George W. Bush |
| 260 ## - PUBLICATION, DISTRIBUTION, ETC. (IMPRINT) | |
| Name of publisher, distributor, etc | RAND Corporation |
| Date of publication, distribution, etc | 2008 |
| 650 ## - SUBJECT ADDED ENTRY--TOPICAL TERM | |
| Topical term or geographic name as entry element | Political Science |
| 650 ## - SUBJECT ADDED ENTRY--TOPICAL TERM | |
| Topical term or geographic name as entry element | United States -- Foreign relations -- 1945–1989 -- Case studies; United States -- Foreign relations -- 1989– -- Case studies; United States -- Military policy -- Case studies; Nation-building -- Case studies; Intervention (International law) -- Case studi |
| 856 ## - ELECTRONIC LOCATION AND ACCESS | |
| Uniform Resource Identifier | <a href="www.jstor.org/stable/10.7249/mg716cc">www.jstor.org/stable/10.7249/mg716cc</a> |
| Withdrawn status | Lost status | Damaged status | Home library | Current library | Date acquired | Total Checkouts | Full call number | Date last seen | Price effective from | Koha item type |
|---|---|---|---|---|---|---|---|---|---|---|
| College Library | College Library | 12/12/2017 | E840.A5895 2008 | 12/12/2017 | 12/12/2017 | Curriculum - Based eBooks |